[Event "POL-chT 66th"]
[Site "Katowice"]
[Date "2010.09.10"]
[Round "7"]
[White "Wojtaszek, Radoslaw"]
[Black "Baklan, Vladimir"]
[Result "1/2-1/2"]
[WhiteElo "2711"]
[BlackElo "2621"]
[Annotator "RR"]
[PlyCount "64"]
[EventDate "2010.09.04"]
[EventType "team-tourn"]
[EventRounds "9"]
[EventCountry "POL"]
[SourceTitle "EXT 2016"]
[Source "ChessBase"]
[SourceDate "2015.10.08"]
[SourceVersion "1"]
[SourceVersionDate "2015.10.08"]
[SourceQuality "1"]
[WhiteTeam "Wroclaw Polonia"]
[BlackTeam "Lublin"]
[WhiteTeamCountry "POL"]
[BlackTeamCountry "POL"]

1. d4 Nf6 2. c4 e6 3. Nc3 Bb4 4. e3 O-O (4... c5 {L'alternative}) 5. Bd3 c5 6.
Nf3 d5 7. O-O dxc4 (7... Nc6 8. a3 Bxc3 9. bxc3 Qc7 {[%cal Gc7c4,Gd5c4]}) 8.
Bxc4 Qe7 {[%cal Gf8d8,Gd8d1]} (8... Bd7) (8... Nbd7 9. Qe2 b6) 9. Qe2 Rd8 10.
a3 Ba5 (10... Bxc3 11. bxc3 b6 (11... Nc6) 12. Bb2 Bb7 13. Rfd1 Nc6 14. Rac1
Rac8) 11. Rd1 Nc6 12. Na4 cxd4 13. exd4 h6 14. Bf4 Bc7 (14... Nd5 15. Bg3 Qf8
16. Rac1 Nb6 17. Nxb6 Bxb6 18. d5 exd5 19. Bxd5 Nd4 20. Nxd4 Rxd5 21. Nb5 Be6
22. Nc7 {1/2-1/2 (22) Zhigalko,A (2571)-Iordachescu,V (2626) Aix-les-Bains 2011
}) 15. Bxc7 Qxc7 16. Rac1 $32 {[%cal Gb2b4,Gb4b5]} Bd7 17. Nc3 (17. b4 Nxd4 18.
Nxd4 Bxa4) 17... Rac8 {[%cal Gd7e8]} 18. d5 $8 {Les Noirs menaçaient de jouer
Be8 pour surcontrôler la case "d5"} exd5 19. Bxd5 (19. Nxd5 Nxd5 20. Bxd5 Nd4
$1 {[%csl Rc1,Re2]}) 19... Bg4 20. h3 Bxf3 21. Bxf3 Nd4 22. Qe3 Nxf3+ 23. Qxf3
Rxd1+ 24. Rxd1 a6 25. g3 Re8 26. Kg2 Re6 27. Rd4 g6 28. Rb4 b5 29. a4 bxa4 30.
Rxa4 Kg7 31. Rb4 Rb6 32. Rxb6 Qxb6 1/2-1/2

[Event "POL-chT 66th"]
[Site "Katowice"]
[Date "2010.09.08"]
[Round "5"]
[White "Tomczak, Jacek"]
[Black "Hera, Imre Jr"]
[Result "1-0"]
[WhiteElo "2533"]
[BlackElo "2586"]
[Annotator "RR"]
[PlyCount "71"]
[EventDate "2010.09.04"]
[EventType "team-tourn"]
[EventRounds "9"]
[EventCountry "POL"]
[SourceTitle "EXT 2016"]
[Source "ChessBase"]
[SourceDate "2015.10.08"]
[SourceVersion "1"]
[SourceVersionDate "2015.10.08"]
[SourceQuality "1"]
[WhiteTeam "Poznan Pocztowiec"]
[BlackTeam "Szkola Grudziadz"]
[WhiteTeamCountry "POL"]
[BlackTeamCountry "POL"]

1. e4 c6 2. d4 d5 3. exd5 cxd5 4. c4 Nf6 5. Nc3 e6 6. Nf3 Bb4 {On peut aboutir
à cette position à partir de plusieurs ouvertures mais la partie va basculer
d'une Caro-Kann vers une Nimzo-Indienne} 7. Bd3 (7. cxd5 {L'alternative} Nxd5
8. Bd2 (8. Qc2)) 7... dxc4 8. Bxc4 O-O 9. O-O Nbd7 (9... b6 10. Bg5) (9... Nc6
10. Bg5 Be7) 10. Re1 (10. Qe2 Nb6 11. Bd3 Bd7 12. Bg5 Bc6 13. Ne5 h6 14. Bxf6
Qxf6 15. Ne4 Qd8 16. Rad1 Rc8 17. a3 Be7 18. Nc5 Nd5 19. f4 Nf6 20. Bb1 Bd5 21.
Qd3 Bxc5 22. dxc5 Rxc5 23. Ng4 Re8 24. b4 Rc8 25. Nxf6+ Qxf6 26. Qh7+ Kf8 27.
f5 Qg5 28. g3 Qe3+ 29. Rf2 Rc1 30. Rxc1 Qxc1+ 31. Rf1 Qb2 {0-1 (31) Cornette,M
(2547)-Volokitin,A (2638) Saint Quentin 2014}) 10... a6 11. a3 $146 (11. Ne5
Re8 12. Bd3 Be7 13. Bb5 axb5 {0-1 (13) Schiklang,M-Priehn,P DESC email 2005})
11... Bxc3 12. bxc3 b5 13. Bd3 Bb7 14. a4 $1 Qc7 {[%csl Rc3]} 15. Bd2 bxa4 $5 {
[%cal Gb7f3]} 16. c4 Bc6 17. Ne5 $44 Nxe5 18. dxe5 Nd7 19. Bb4 Rfd8 20. Be7 (
20. Bd6) 20... Re8 21. Bd6 $44 Qa5 22. Bc2 {[%csl Rh7][%cal Gd1d3]} Qc3 $2 {
Donne un tempo décisif aux Blancs} 23. Re3 {[%cal Ge3c3,Ge3h3]} (23. Bxh7+ $1
{Probablement une simple transposition}) 23... Qxc4 24. Bxh7+ $1 Kxh7 25. Qh5+
Kg8 26. Rh3 f5 27. Qh7+ Kf7 28. Rg3 Qg4 29. Rxg4 fxg4 30. Qh5+ Kg8 31. Qxg4
Rac8 32. h4 Bb5 33. h5 Kh8 34. Ra3 Rc1+ 35. Kh2 Rc4 36. Qg5 1-0

[Event "Sautron op 15th"]
[Site "Sautron"]
[Date "2015.10.24"]
[Round "7.8"]
[White "Swayams, Mishra"]
[Black "Ibrahim, Hatim"]
[Result "1-0"]
[WhiteElo "2444"]
[BlackElo "2311"]
[Annotator "RR"]
[PlyCount "73"]
[EventDate "2015.10.24"]
[EventType "swiss"]
[EventRounds "9"]
[EventCountry "FRA"]
[SourceTitle "CBM 169 Extra"]
[Source "ChessBase"]
[SourceDate "2015.12.18"]
[SourceVersion "1"]
[SourceVersionDate "2015.12.18"]
[SourceQuality "1"]
[TimeControl "40/5400+30:1800+30"]
[WhiteClock "0:33:03"]
[BlackClock "0:01:13"]

1. d4 {[%emt 0:00:00]} Nf6 {[%emt 0:00:00]} 2. c4 {[%emt 0:00:00]} e6 {[%emt 0:
00:11]} 3. Nc3 {[%emt 0:00:00]} Bb4 {[%emt 0:00:27]} 4. e3 {[%emt 0:00:05]} O-O
{[%emt 0:00:35]} (4... c5) 5. Bd3 {[%emt 0:01:11]} d5 {[%emt 0:02:41]} 6. Nf3 {
[%emt 0:01:47]} c5 {[%emt 0:05:17]} 7. O-O {[%emt 0:00:52]} cxd4 {[%emt 0:00:
39]} 8. exd4 {[%emt 0:00:08]} dxc4 {[%emt 0:00:12]} 9. Bxc4 {[%emt 0:00:02]} b6
{[%emt 0:00:09]} (9... Nbd7) (9... a6) 10. Qd3 {[%emt 0:05:51]} (10. Bg5 {
La grande ligne} Bb7 11. Qe2 (11. Rc1)) 10... Bb7 {[%emt 0:01:51]} 11. Bg5 {
[%emt 0:01:57]} Nbd7 {[%emt 0:04:27]} 12. Rfd1 {[%emt 0:05:03]} (12. Rac1) (12.
Rfe1) 12... Bxc3 {[%emt 0:06:09]} 13. bxc3 {[%emt 0:00:59]} Qc7 {[%emt 0:00:19]
} 14. Bb3 {[%emt 0:02:33]} Rac8 {[%emt 0:03:14]} (14... Ne4 15. c4 Nxg5 16.
Nxg5 Nf6 17. d5 Qf4 18. Qg3 Qxg3 19. hxg3 h6 20. Nf3 Ne4 21. dxe6 fxe6 22. Bc2
Rad8 23. Bxe4 Bxe4 24. Ne5 Bc2 25. Rdc1 Be4 26. Re1 Rd4 27. Rad1 Rfd8 28. Rxd4
Rxd4 29. f3 Bb7 30. Kf2 Rd2+ 31. Re2 Rxe2+ 32. Kxe2 Kf8 33. Ke3 Ke7 34. Kd4 Kd6
35. g4 Ba8 36. a3 Bb7 37. g5 hxg5 38. Nf7+ Ke7 39. Nxg5 Kd6 40. Nf7+ Ke7 41.
Ne5 Kd6 42. g3 Ba8 43. f4 Bg2 44. Nd3 {Milov,V (2683)-Sprenger,J (2477) Port
Erin 2004 1/2-1/2 (80)}) 15. Rac1 {[%emt 0:05:26]} Rfe8 $146 {[%emt 0:14:09]} (
15... Ne4 16. Bh4 Qf4 17. c4 Ndf6 18. Qe3 Qxe3 19. fxe3 Rc7 20. Ne5 Rfc8 21.
Rc2 Ne8 22. a4 N8d6 23. Rdc1 Nf5 24. Bf2 Nxf2 25. Kxf2 Nd6 26. a5 Kf8 27. Ke1
Be4 28. c5 Nf5 29. Rf2 bxc5 30. dxc5 Ke8 31. c6 Ke7 32. Nxf7 Kxf7 33. g4 Ke7
34. gxf5 exf5 35. Ba4 g6 36. Rd2 Bxc6 37. Rdc2 Kd6 38. Rd2+ Ke6 39. Rdc2 Kd6
40. Rd2+ {1/2-1/2 (40) Rozentalis,E (2505)-Bilunov,B (2420) Podolsk 1989}) 16.
Re1 {[%emt 0:05:01]} Bd5 $5 {[%emt 0:17:19] Un coup provocateur joué après
une longue réflexion} (16... a6) 17. c4 {[%emt 0:04:31]} Bxf3 {[%emt 0:00:46]}
18. Qxf3 {[%emt 0:00:33]} e5 {[%emt 0:00:07]} 19. d5 {[%emt 0:07:20]} Qd6 {
[%emt 0:04:42][%cal Gd7c5]} 20. Ba4 $1 $14 {[%emt 0:00:08][%csl Ga4,Gg5] La
paire de B est forte} Rf8 {[%emt 0:08:13]} 21. Qf5 {[%emt 0:01:41]} g6 {
[%emt 0:05:10]} 22. Qf3 {[%emt 0:01:29]} (22. Qh3 {[%cal Gh3h6]}) 22... Kg7 {
[%emt 0:08:15]} 23. Qe3 {[%emt 0:05:15]} Ng4 {[%emt 0:04:42]} 24. Qg3 $1 $16 {
[%emt 0:00:30]} Nc5 {[%emt 0:02:27]} (24... f5 25. h3 {[%csl Re5]}) 25. Bc2 {
[%emt 0:08:00]} f6 {[%emt 0:04:35]} 26. Qxg4 {[%emt 0:03:21]} fxg5 {[%emt 0:00:
02]} 27. Qxg5 {[%emt 0:00:12]} Rce8 {[%emt 0:00:09]} 28. Re3 {[%emt 0:00:36]}
h6 {[%emt 0:00:52]} 29. Qg3 {[%emt 0:00:16]} Rf4 {[%emt 0:01:38]} 30. Qxf4 $1 {
[%emt 0:08:12]} exf4 {[%emt 0:00:02]} 31. Rxe8 {[%emt 0:00:05]} Qf6 {[%emt 0:
02:23]} 32. Rd1 $18 {[%emt 0:00:10][%csl Gd5]} Qc3 {[%emt 0:00:32]} 33. Bb3 {
[%emt 0:00:03]} Kf7 {[%emt 0:02:48]} 34. Ree1 {[%emt 0:00:38]} Nd3 {[%emt 0:00:
40]} 35. d6 {[%emt 0:01:30]} Qxe1+ {[%emt 0:01:04]} 36. Rxe1 {[%emt 0:00:01]}
Nxe1 {[%emt 0:00:01]} 37. c5+ {[%emt 0:00:01]} 1-0

[Event "Bundesliga 1112"]
[Site "Germany"]
[Date "2011.11.19"]
[Round "4.5"]
[White "Rogozenco, Dorian"]
[Black "Von Herman, Ulf"]
[Result "1-0"]
[WhiteElo "2552"]
[BlackElo "2419"]
[Annotator "RR"]
[PlyCount "71"]
[EventDate "2011.10.14"]
[EventType "team-tourn"]
[EventRounds "15"]
[EventCountry "GER"]
[SourceTitle "CBM 146"]
[Source "ChessBase"]
[SourceDate "2012.01.18"]
[SourceVersion "1"]
[SourceVersionDate "2012.01.18"]
[SourceQuality "1"]
[WhiteTeam "Hamburger SK"]
[BlackTeam "Koenig Tegel"]
[WhiteTeamCountry "GER"]
[BlackTeamCountry "GER"]

1. d4 Nf6 2. c4 e6 3. Nc3 Bb4 4. e3 O-O 5. Bd3 d5 6. Nf3 c5 7. O-O dxc4 8. Bxc4
cxd4 9. exd4 a6 10. a3 Bxc3 11. bxc3 b5 12. Bd3 Bb7 13. a4 Qc7 14. Bd2 Nbd7 15.
axb5 axb5 16. Qe2 Bd5 17. Rxa8 Rxa8 18. Bxb5 Ng4 19. Rd1 Ra2 20. h3 Ngf6 21.
Bd3 Nb6 22. Ne5 Na4 23. Rc1 Nb2 24. Bb1 Ra4 25. Bg5 Nc4 26. Bxf6 gxf6 27. Qc2
fxe5 $2 (27... Nxe5 28. dxe5 Rh4) 28. Qxa4 $18 e4 29. Re1 Qf4 30. Bxe4 $1 Qd2
31. Rf1 Bxe4 32. Qxc4 Bd3 33. Qc8+ Kg7 34. Ra1 Qb2 35. Re1 Qd2 36. Re3 1-0

[Event "Vienna Bawag"]
[Site "Vienna"]
[Date "1996.??.??"]
[Round "6"]
[White "Kindermann, Stefan"]
[Black "Stanec, Nikolaus"]
[Result "1-0"]
[WhiteElo "2575"]
[BlackElo "2490"]
[Annotator "Rechlis,G"]
[PlyCount "107"]
[EventDate "1996.05.??"]
[EventType "tourn"]
[EventRounds "9"]
[EventCountry "AUT"]
[EventCategory "9"]
[SourceTitle "CBM 054"]
[Source "ChessBase"]
[SourceDate "1996.10.01"]
[SourceVersion "1"]
[SourceVersionDate "1996.10.01"]
[SourceQuality "1"]

1. e4 {Hecht} c6 2. d4 d5 3. exd5 cxd5 4. c4 Nf6 5. Nc3 e6 6. Nf3 Bb4 7. Bd3
dxc4 8. Bxc4 O-O 9. O-O Nbd7 10. Bg5 Bxc3 11. bxc3 Qc7 12. Qe2 b6 13. Ne5 Bb7
14. Nxd7 (14. Bf4 {Chekhov/} Rac8 $5) 14... Nxd7 15. Rac1 e5 16. Bb3 Rae8 $5
$13 (16... h6 17. Bh4 (17. Be3 Nf6 $1) 17... Rac8 $1 18. Qd2 (18. Bc2 $5 {
Chekhov/} Rfe8 19. Rfe1 {/\Bg3/}) 18... Rfe8 {Hort,V-Ljubojevic,L/Buenos Aires/
1980/0,5/52/} (18... Rfe8 19. Bg3 Qc6 20. f3 exd4 21. cxd4 Qg6 $13)) 17. Qg4
Kh8 18. Qg3 f6 19. Bd2 Qc6 20. Rfe1 f5 $10 21. f3 f4 22. Qf2 Qg6 $6 23. Bc2 e4
$2 (23... Qf6 24. Ba4 (24. Be4 $1 Bxe4 25. Rxe4 $14) 24... Bc6) 24. fxe4 Bxe4
25. Rxe4 Rxe4 26. Qf3 Nf6 27. Bxf4 Qf5 28. Bd6 $1 Qg5 29. Rf1 Re3 30. Qf2 Ree8
31. Bxf8 Rxf8 $16 32. Qe2 Qd5 33. Qd3 Qh5 34. h3 Re8 35. c4 Qh6 36. d5 Qe3+ 37.
Qxe3 Rxe3 38. Rd1 Re8 39. Kf2 Kg8 40. Bf5 Kf7 41. Be6+ Ke7 42. Ke3 Kd6 43. Kd4
Nd7 44. Bxd7 Kxd7 {Hecht: ein w Mehrbauer, Raum, aktiver wT+K} 45. Rf1 $18 Re7
46. a4 Kd6 47. Rf2 h6 48. a5 Rd7 49. Rb2 Kc7 50. c5 bxc5+ 51. Kxc5 Rf7 52. d6+
Kc8 53. Kc6 g5 54. g4 1-0

[Event "Bazna Kings 5th"]
[Site "Medias"]
[Date "2011.06.11"]
[Round "1"]
[White "Nisipeanu, Liviu Dieter"]
[Black "Karjakin, Sergey"]
[Result "1/2-1/2"]
[WhiteElo "2659"]
[BlackElo "2776"]
[Annotator "Rogozenco,D"]
[PlyCount "38"]
[EventDate "2011.06.11"]
[EventType "tourn"]
[EventRounds "10"]
[EventCountry "ROU"]
[EventCategory "21"]
[SourceTitle "CBM 143"]
[Source "ChessBase"]
[SourceDate "2011.07.15"]
[SourceVersion "1"]
[SourceVersionDate "2011.07.15"]
[SourceQuality "1"]

1. d4 Nf6 2. c4 e6 3. Nc3 Bb4 4. e3 O-O 5. Bd3 d5 6. Nf3 c5 7. O-O dxc4 8. Bxc4
cxd4 9. exd4 a6 10. a3 Bxc3 11. bxc3 Qc7 12. Bd3 ({The alternatives are} 12.
Qd3) ({and} 12. Qe2) 12... Qxc3 13. Bf4 Nc6 14. Re1 h6 {A new move, which came
as a surprise for the Romanian grandmaster.} (14... Qa5 {has been met before.})
15. Bd6 ({Nisipeanu calculated} 15. Re3 Qa5 16. Ne5 Nd5 17. Rg3 Nxf4 18. Qg4 {
but thought that after} Ng6 {Black defends.} ({Karjakin indicated the right
way for Black:} 18... Nh5 19. Qxh5 Nxe5 20. dxe5 f5 {and White must make a
draw:} 21. exf6 Qxh5 22. Rxg7+ Kh8 23. Rh7+ Kg8 24. Rg7+) 19. Bxg6 $1 fxg6 20.
Qxg6 Qc7 21. Ng4 {White's attack is decisive.}) 15... Rd8 16. Bc7 Rd7 17. Re3
Qb2 (17... Qxa1 18. Qxa1 Rxc7 19. Ne5 {is probably slightly better for White.})
18. Re2 (18. Rb1 Qa2 19. Rb3 Rxc7 20. Bb1 Qxb3 21. Rxb3 Bd7 {is already okay
for Black, who continues Be8, Rd8 with comfortable pressure on d4.}) 18... Qc3
19. Re3 Qb2 1/2-1/2

[Event "Hoogovens"]
[Site "Wijk aan Zee"]
[Date "1997.01.25"]
[Round "6"]
[White "Lautier, Joel"]
[Black "Salov, Valery"]
[Result "1/2-1/2"]
[WhiteElo "2630"]
[BlackElo "2665"]
[Annotator "Salov,V"]
[PlyCount "83"]
[EventDate "1997.01.18"]
[EventType "tourn"]
[EventRounds "13"]
[EventCountry "NED"]
[EventCategory "16"]
[SourceTitle "CBM 057"]
[Source "ChessBase"]
[SourceDate "1997.04.01"]
[SourceVersion "1"]
[SourceVersionDate "1997.04.01"]
[SourceQuality "1"]

1. d4 {Hecht Yudasin,L Psakhis} Nf6 2. c4 e6 3. Nc3 Bb4 4. e3 O-O 5. Bd3 d5 6.
Nf3 c5 7. O-O cxd4 8. exd4 dxc4 9. Bxc4 a6 {Psakhis: Good alternative to usual
9.... b6} (9... Nc6 $5 {Yudasin,L}) (9... b6 {Yudasin,L with Bxc3 and Bb7}) 10.
Ne5 (10. Bg5 {Psakhis} Be7 (10... h6 {Yudasin,L} 11. Bh4 b5 12. Bd3 Be7 {
with Bb7 and Nbd7}) 11. Qe2 b5 12. Bd3 Bb7 13. Rfd1 Nbd7 14. Ne5 Nd5 15. Bxe7
Qxe7 16. Nxd5 Bxd5 $11 {1/2-1/2 Zsinka,L-Arkhipov,S/HUN-BL 1992 (25)}) (10. a4
{Psakhis deserve attention}) 10... b5 {Sharp and best answer.} 11. Qf3 ({
Psakhis: After} 11. Bb3 Bb7 {I'll prefer black,s position}) (11. Bd3 {Yudasin,L
} Bb7) 11... Qxd4 (11... Qb6 $5 {Psakhis}) 12. Qxa8 (12. Nxf7 $2 {Yudasin,L}
Kxf7 (12... Qa7 $1) 13. Qxa8 Qb6 14. Be3 Qc7 15. Bd3 Nc6) 12... Qxe5 13. Be2 (
13. Bb3 {Psakhis} Ng4 14. g3 Qh5 15. h4 (15. Qg2 Bb7 16. f3 Bc5+ 17. Kh1 Nxh2
18. Qxh2 Bxf3+ 19. Rxf3 Qxf3+ 20. Qg2 {Psakhis: and now Black can finished
game with draw, or continue to play with 3 pawns for a bishop.}) 15... Bd7 $44)
(13. Bd3 {Yudasin,L} Ng4 14. g3 Qh5 15. h4 (15. Qg2 Bxc3 16. bxc3 Bb7) 15...
Nd7 $44) 13... Bxc3 14. bxc3 Qxe2 15. Qxb8 Qc4 $5 $146 (15... Nd5 16. a4 (16.
Qg3 {Psakhis} Qc4 17. Bd2 f6 18. Rfe1 e5 19. Qf3 Bg4 20. Qe4 Rc8 $11 {1/2-1/2
Huebner,R-Dreev,A/Wijk aan Zee-A 1996 (51)}) 16... Qc4 (16... Nxc3 17. Ba3 Re8
18. Bb4 Nd5 19. Rac1 Bd7 {0-1 Yakovich,Y-Dreev,A/RUS-ch Elista 1995 (32)}) 17.
Ba3 {1/2-1/2 Sherbakov-Kharitonov,Russia(ch)1994}) 16. Ba3 Re8 17. Bb4 Nd5 {
Psakhis: It is easy to see how good compensation Black has for a exchange.} 18.
a3 $6 (18. Rfe1 $142 $11) 18... Qc6 $1 {Yudasin: with the idea Bb7-e5-Nf4} (
18... Nxc3 $2 {Psakhis Psakhis: is inferior since it leads to} 19. Bxc3 Qxc3
20. Rfc1 $18) 19. Qe5 Bb7 20. f3 f6 21. Qd4 e5 22. Qf2 Qc7 {/\a5} (22... e4 $1
23. fxe4 Rxe4 24. Qc5 $5 (24. Rfe1 Ne3 25. Qf3 Qb6 26. Ba5 Qe6 $44) 24... Qe8
25. Rad1 Re5 (25... Ne3 26. Rd7 $1 $132) 26. Rd2 (26. c4 Nxb4 27. Qxb4 Bxg2 $1
(27... Re2 28. Rf2 Qe3 29. Rdf1 $11) 28. Kxg2 $140 Qg6+ 29. Kf2 Qf5+ 30. Kg1
Qg4+ 31. Kh1 Qe4+ 32. Kg1 Rg5+ 33. Kf2 Rg2#) 26... h6 $36) (22... Nxc3 $2 {
Psakhis Psakhis: Pawn on c3 poisoned as usual.} 23. Rac1 $18) 23. Rfd1 a5 24.
Qc5 $1 Qxc5+ (24... axb4 $2 {Psakhis} 25. Rxd5 Qf7 26. Rd6 $16) 25. Bxc5 Rc8
26. Bf2 Rc4 $1 {Yudasin: a very strong move,it is more important to blackade
everrthing on the Queen's side than to take the c3 pawn,now black wants to
play Bc6-Kf7-Ke6} (26... Nxc3 27. Rd7 Bc6 28. Ra7 $132 (28. Ra7 {Yudasin,L} b4
29. Be1 $14)) (26... Kf7 $5 {[%cal Yf7e6,Yc8c4,Yb7c6] Psakhis}) (26... Rxc3 $2
{Yudasin,L} 27. Be1 $1 $16) 27. Be1 Kf7 $6 (27... Bc6 $142 28. Rab1 a4 29. Rxd5
Bxd5 30. Rxb5 Bc6 $15) 28. Rab1 $1 Bc6 29. Rxd5 $8 {Psakhis: Just in time! If
Salov will get chance to play 30...Ke6 , he'll get fantastic position. Yudasin:
it is white who has to play to make a draw,after this move it is already not
very difficult but if black king was on E6 than white would be in a serious
trouble} (29. Rxb5 Ne3 $1 $17) 29... Bxd5 30. Rxb5 Bc6 (30... Ke6 {Psakhis} 31.
Rxa5 e4) 31. Rxa5 Ra4 $11 32. Rxa4 (32. Rc5 {Yudasin,L} Bd7) 32... Bxa4 {
[#] Hecht zwei weiße Freibauern ohne Vorwärtsdrang und ohne K-Hilfe ==> Remis}
33. Bf2 {Psakhis: In spite of pawn up, White.s chanses are not better. Game is
very close to draw.} (33. Kf2 {Yudasin,L} Bb5 {[%cal Gd5f7,Gf7d5]}) 33... Bb5
34. Bc5 f5 35. Kf2 Ke6 36. Ke3 (36. g4 {Yudasin,L} f4) (36. g3 {Yudasin,L} g5)
36... f4+ (36... g5 $10 {Psakhis}) 37. Kf2 h5 38. h4 g6 39. g3 Kf5 40. gxf4 (
40. Bd6 {Psakhis} Ke6) 40... exf4 41. Be7 Ke5 42. Bg5 1/2-1/2

[Event "USA-ch"]
[Site "Seattle"]
[Date "2002.01.08"]
[Round "4"]
[White "Gulko, Boris F"]
[Black "Shabalov, Alexander"]
[Result "0-1"]
[WhiteElo "2601"]
[BlackElo "2606"]
[Annotator "Shabalov,A"]
[PlyCount "58"]
[EventDate "2002.01.05"]
[EventType "swiss"]
[EventRounds "9"]
[EventCountry "USA"]
[SourceTitle "CBM 087"]
[Source "ChessBase"]
[SourceDate "2002.03.21"]
[SourceVersion "1"]
[SourceVersionDate "2002.03.21"]
[SourceQuality "1"]

1. d4 Nf6 2. c4 e6 3. Nc3 Bb4 4. e3 O-O 5. Bd3 d5 6. a3 Bxc3+ 7. bxc3 dxc4 8.
Bxc4 c5 9. Nf3 Qc7 {Milov,V (2602)-Yermolinsky,A (2577) FIDE WCh KO Moscow RUS
2001 (1.1) 0-1 Another popular plan here is 9...Qa5 10.Bd2 Qc7 or even 10...
Ne4 like in} 10. Ba2 b6 11. O-O Nbd7 (11... Bb7 12. c4 Rd8 13. Bb2 cxd4 14.
exd4 Qf4 15. Ne5 {1/2-1/2 Gulko,B-Yermolinsky,A/Cali 2001 (15).}) 12. Bb2 Bb7
13. c4 {Gulko's trademark variation.Another principal promoter of this line,
Vadim Milov, however , recently was trying to avoid such an early commitment
to a center break.} (13. Qe2 Rfe8 14. Rac1 h6 15. Rfd1 Rac8 16. h3 Bc6 17. Nh2
Qb7 18. f3 cxd4 19. cxd4 Bd5 20. Bb1 b5 21. e4 Rxc1 22. Rxc1 Bc4 23. Qe3 Qb6
24. Kf2 Qb8 25. f4 Nb6 26. Nf3 Nfd7 27. g4 Nf8 28. Rg1 f6 29. h4 Ng6 30. Bc1 e5
31. dxe5 fxe5 32. f5 Nf4 33. Re1 Rd8 34. g5 hxg5 35. hxg5 Bd3 36. Ba2+ Bc4 37.
Bb1 Bd3 38. Ba2+ {1/2-1/2 Milov,V-Adams,M/Leon 2001 (38)}) (13. h3 Rac8 14. Rc1
Rfd8 15. Qe2 h6 16. Rfd1 Bc6 17. Nd2 Qb7 18. f3 b5 19. e4 Qb8 20. e5 Nd5 21.
Ne4 cxd4 22. cxd4 N7b6 23. Qf2 b4 24. Nd6 Rc7 25. axb4 Nxb4 26. Bb1 Nc8 27. Ne4
Bb5 28. Qh4 Ne7 29. Rxc7 Qxc7 30. Rc1 Bc6 31. Nd6 Nbd5 32. Ba3 Rb8 33. Qe4 g6
34. Qe1 Rb3 35. Bc5 Nf4 36. Qd2 Ned5 37. Be4 Qb8 38. Bxd5 Nxd5 39. Qxh6 Nc3 40.
Nxf7 {1-0 Milov,V-Polgar,J/Moscow 2001 (40)}) 13... Rfd8 $146 {This is a
beginning of my preparation.Obviously you may arrange black rooks in 3 ways:
c8-d8(current game),c8-e8(not sure if it makes a lot of sense) and d8-e8(the
game below).All of them have their pluses and minuses and only further testing
might bring any definitive conclusions about this position.} (13... Rad8 14.
Re1 Rfe8 15. Rc1 e5 16. d5 e4 17. Nd2 Ne5 18. Qc2 Neg4 19. Nf1 b5 20. cxb5 Bxd5
21. Bxd5 Rxd5 22. Red1 Red8 23. Rxd5 Rxd5 24. Rd1 Rxd1 25. Qxd1 h5 26. h3 Ne5
27. Ng3 h4 28. Nxe4 Nxe4 29. Qd5 Nf3+ 30. gxf3 Nxf2 31. Be5 Nxh3+ 32. Kg2 Qc8
33. Qc6 Qf5 34. Qa8+ Kh7 35. Qe4 Qxe4 36. fxe4 Ng5 37. a4 h3+ 38. Kh1 f6 39. a5
Ne6 40. Bd6 {1/2-1/2 Gulko,B-Piskov,Y/Helsinki 1992 (40).}) 14. Re1 Rac8 15. d5
exd5 16. cxd5 c4 17. e4 b5 18. Nd4 $6 {This natural move allows black to start
a sudden counterattack.} (18. Bc3 {was critical.}) 18... Qe5 $1 {With this
paradoxical move black agrees for a dangerous face-off of his queen and bishop
on b2.He ties up knight on d4 for just one move and it proves to be enough
time to destroy white's center.} 19. Qf3 ({Interesting was a direct attempt to
counter black's strategy} 19. Qc1 {since the tactics} c3 20. Bxc3 Nxe4 21. Nc6
$16 {works for white.It almost impossible, however,to make such a move over
the board.}) 19... Re8 $17 20. Rab1 {White is up to a challenge in a pawn
grabbing contest,but in the end bishop b7 becomes way too powerful for him to
handle.} Nxe4 21. Nxb5 Qxd5 ({Much stronger than} 21... Nd2 22. Bxe5 Nxf3+ 23.
gxf3 Nxe5 24. Red1 {and white has some fair chances to survive.}) 22. Nxa7 Rb8
23. Red1 Qe6 24. Nb5 $2 {Missing the winning maneuvre for black.White was too
low on time, however, to try to survive in complications after} (24. Bxc4 Qxc4
25. Qg4 g6 26. Qxd7 Nxf2) 24... Qg6 $1 $19 {Quite unexpectedly Rb1 becomes the
main target!} 25. Qh3 Ndc5 {Good enough to win the game.} ({What i have missed
in forced variation} 25... Nxf2 26. Kxf2 Qc2+ 27. Kf1 Re2 28. Qg3 Rxg2 29.
Qxb8+ {was move} Nf8 {and black wins}) 26. Nc3 Nd2 27. Rbc1 (27. Rxd2 Qxb1+)
27... Bc8 28. Bb1 Nxb1 29. Qe3 Bb7 0-1